000 00745nam a2200193 i 4500
001 180345
003 ES-MaACL
005 20230906221052.0
008 120530s1975 sp |||| | spa d
080 _a616.155(043.2)
100 1 _aFernández-Huerta García, José M.
_9150184
245 1 0 _aContribución al estudio del quimiotectismo leucocitario /
_cpor José M. Fernández-Huerta García.
260 _aBarcelona :
_bUniversidad de Barcelona. Secretariado de Publicaciones, Intercambio Científico y Extensión Universitario,
_c1975.
300 _a22 p. ;
_c24 cm.
502 _aTesis-Universidad Barcelona (Extracto)
650 4 _aLeucocitos.
_9136394
710 2 _aUniversidad de Barcelona.
_97141
852 _aES-MaACL
_jE-15361(172)
999 _c180345
_d180345